History Quiz

Random History or Letter Quiz

President By Single Letter Quiz Stats

Quiz Updated Nov 7, 2014

Challenge
Share
Tweet
Embed
Score 0/20 Timer 06:00
0 Plays Today
Hint President % Correct
A _ _ _ _Adams
84.3%
_ _ X _ _Nixon
82.4%
_ U _ _Bush
77.5%
M _ _ _ _ _ _Madison
76.7%
G _ _ _ _ _ _ _Garfield
70.2%
_ _ L _Polk
66.5%
_ _ O _ _ _ _ _ _Roosevelt
64.6%
_ _ _ _ _ _ YKennedy
59.9%
_ I _ _ _ _ _Lincoln
55.9%
_ _ _ _ _ _ _ W _ _Eisenhower
54.8%
Hint President % Correct
_ _ _ _ TGrant
53.4%
_ _ R _ _ _Carter
49.2%
_ _ Y _ _Hayes
47.5%
_ _ O _ _ _Hoover
47.1%
_ _ _ V _ _ _ _ _Cleveland
45%
_ _ L _ _ _Wilson
39.1%
_ _ C _ _ _ _Jackson
37.4%
_ _ _ L _ _Taylor
32%
_ _ E _ _ _Pierce
28.2%
_ _ _ H _ _Arthur
25.3%

You're not logged in!

Compare scores with friends on all Sporcle quizzes.
Sign Up with Email
OR
Log In

You Might Also Like...

Show Comments

Extras

Top Quizzes Today


Score Distribution

Your Account Isn't Verified!

In order to create a playlist on Sporcle, you need to verify the email address you used during registration. Go to your Sporcle Settings to finish the process.